| 000 | 00616nam a22002057a 4500 | ||
|---|---|---|---|
| 999 |
_c21708 _d21708 |
||
| 003 | BDDh-ASL | ||
| 005 | 20231015030030.0 | ||
| 008 | 210210n e ||||| |||| 00| 0 eng d | ||
| 040 |
_aBDDh-ASL _cBDDh-ASL |
||
| 082 |
_a954.5 _bWAC |
||
| 100 | 1 |
_93073 _aMartineau, G.D. |
|
| 245 | 1 | 0 |
_aController of Devils : _ba life of John Paul Warburton, C.I.E., of the Punjab Police / |
| 260 | _bObrainable From G.D. Martineau, | ||
| 300 |
_a104 p. : _c22 cm. |
||
| 500 | _aIncludes index. | ||
| 600 | 1 | 0 |
_93076 _aWarburton, John Paul |
| 650 | 0 |
_93074 _aPolice |
|
| 651 | 0 |
_93075 _aPunjab _z India |
|
| 942 |
_2ddc _cBK |
||